LEADER 02338njm a2200649 a 4500
001 000266436
003 CZ BrMZK
005 20100323122751.0
008 980105s1998 xr f cze d
028 0 3 |a SN0052-2  |b Snake Records 
040 |a BOA001  |b cze 
080 |a 784.4(437.1)(086.7)  |2 MRF 
245 0 0 |a Na české návsi  |h [zvukový záznam].  |n 2 
246 3 3 |a Ty musíš má milá 
246 3 3 |a V Zálužanech na potoce 
246 3 3 |a Včera jsem byl u muziky 
246 3 3 |a Zdenička 
246 3 3 |a Šel jsem za noci alejí 
246 3 3 |a Andulko šafářova 
246 3 3 |a Anči, Anči 
246 3 3 |a Chaloupky pod horama 
246 3 3 |a Hů a hů 
246 3 3 |a Javornická chasa 
246 3 3 |a Jiřiny 
246 3 3 |a Kdybych byla ptáčkem 
246 3 3 |a Letěla husička 
246 3 3 |a Mysliveček 
246 3 3 |a Na louce sedlák seče 
246 3 3 |a Na vršíčku kostelíček 
246 3 3 |a Nebudem se ženiti 
246 3 3 |a Okolo Seče 
246 3 3 |a Pivovarský koně 
246 3 3 |a Pod tou starou lípou 
246 3 3 |a Písecká brána 
246 3 3 |a Spadl lístek z javora 
260 |a Praha :  |b Snake Records,  |c p1998 
300 |a 1 CD ;  |c 12 cm +  |e 1 list. 
500 |a Durata neuv 
500 |a Nahr. neuv 
505 2 |a Pivovarský koně, V Zálužanech na potoce. Okolo Seče ... [et al.] 
511 0 |a Miroslav Stančík, zpěv, heligonka; Jaroslav Tuza, zpěv, heligonka 
653 0 |a harmoniková dua  |a heligonka  |a písně s harmonikou  |a české lidové písně 
700 1 |a Nýdl, Jan František,  |d -1989  |7 ola2002158812  |4 cmp 
700 1 |a Stančík, Miroslav  |4 prf 
700 1 |a Tuza, Jaroslav  |7 jx20041011033  |4 prf 
700 1 |a Vacek, Karel,  |d 1902-1982  |7 jk01140977  |4 cmp  |4 lyr 
700 1 |a Vohnout, František,  |d 1913-1980  |7 hka0076139  |4 cmp 
700 1 |a Špilar, Václav,  |d 1902-1968  |7 jz6702197  |4 lyr 
700 1 |a Balecký, J.  |4 lyr 
700 1 |a Grossman, Saša,  |d 1907-1976  |7 ola364055  |4 cmp 
700 1 |a Jacura, Ladislav,  |d 1913-2004  |7 jk01050594  |4 lyr 
700 1 |a Kmoch, František,  |d 1848-1912  |7 jn20000710213  |4 cmp  |4 lyr 
700 1 |a Mottl, Jaroslav,  |d 1900-1986  |7 jk01082158  |4 lyr 
910 |a BOA001  |b CD-0007.193,2 
964 |a Písně lidové české  |x CD 
990 |a AV 
996 6 |b 261H007686  |c CD-0007.193,2  |l MZK  |r Sklad / do 24 hodin  |n 0  |p p.v.  |w 000266436  |u 000010  |a 1  |e BOA001  |j MZK50  |s P